PHYSIOLOGY; A CLINICAL APPROACH, (Record no. 1902)
[ view plain ]
| 000 -LEADER | |
|---|---|
| fixed length control field | 00284nam a2200097Ia 4500 |
| 008 - FIXED-LENGTH DATA ELEMENTS--GENERAL INFORMATION | |
| fixed length control field | 180412s9999||||xx |||||||||||||| ||und|| |
| 040 ## - CATALOGING SOURCE | |
| Original cataloging agency | Ahmadu Bello University Library - Zaria |
| 100 ## - MAIN ENTRY--PERSONAL NAME | |
| Personal name | KELMAN, G .R |
| 245 #0 - TITLE STATEMENT | |
| Title | PHYSIOLOGY; A CLINICAL APPROACH, |
| Statement of responsibility, etc. | kelman, G . R |
| 260 ## - PUBLICATION, DISTRIBUTION, ETC. | |
| Date of publication, distribution, etc. | 1972 |
| 700 ## - ADDED ENTRY--PERSONAL NAME | |
| Personal name | KELMAN, G. R. |
No items available.